La muerte del coronel Francisco Javier Arana y la rebelión de la guardia de honor de 1949 /
Gardado en:
| Autor Principal: | |
|---|---|
| Formato: | Texto |
| Materias: | |
| Etiquetas: |
Engadir etiqueta
Sen Etiquetas, Sexa o primeiro en etiquetar este rexistro!
|
MARC
| LEADER | 00000 a a2200000 04500 | ||
|---|---|---|---|
| 001 | 45469 | ||
| 003 | |||
| 040 | |||
| 090 | |a REV0780 (42)2004 | ||
| 100 | |a Pinto Recintos, Ricardo Alberto | ||
| 245 | |a La muerte del coronel Francisco Javier Arana y la rebelión de la guardia de honor de 1949 / |c Ricardo Alberto Pinto Recintos | ||
| 650 | |a MOVIMIENTOS DE LIBERACION NACIONAL | ||
| 650 | |a GUATEMALA | ||
| 650 | |a HISTORIA | ||
| 650 | |a IDEOLOGIAS | ||
| 650 | |a CONSERVATISMO | ||
| 650 | |a PARTIDOS POLITICOS | ||
| 650 | |a GUERRA | ||
| 650 | |a CRISIS SOCIAL | ||
| 650 | |a GOBIERNO MILITAR | ||
| 650 | |a CRISIS POLITICA | ||
| 650 | |a PARTICIPACION POLITICA | ||
| 773 | |g número42, VI Epoca (2004), páginas 28-44 | ||
| 999 | |c 25362 |d 25362 | ||
